| 000 | 00377nam a2200157Ia 4500 | ||
|---|---|---|---|
| 008 | 210716s2000 xx 000 0 und d | ||
| 020 | _a8173713316 | ||
| 041 | _aeng | ||
| 082 | _a374.22 FORP | ||
| 100 | _aForsyth, Patrick. | ||
| 245 | _aTelephone skills. | ||
| 250 | _a1 | ||
| 260 |
_aHyderabad _bUniversities Press _c2000 |
||
| 300 | _a67 | ||
| 650 | _aGeneral Management | ||
| 999 |
_c205382 _d205382 |
||